| 000 | 00520nam a2200217Ia 4500 | ||
|---|---|---|---|
| 008 | 170918s9999 xx 000 0 und d | ||
| 020 | _a9780439683876 | ||
| 050 | _bB959 2004 | ||
| 100 | _aBurkett, Kathy | ||
| 245 | _aWeird science : | ||
| 245 | _bhow freaky animals got that way / | ||
| 245 | _cKathy Burkett. | ||
| 260 | _aNew York : | ||
| 260 | _bScholastic, | ||
| 260 | _c2004 | ||
| 300 | _a24 pages : | ||
| 300 | _bcolored illustration ; | ||
| 300 | _c19cm. | ||
| 440 | _aRead 180. | ||
| 500 | _a520 | ||
| 999 |
_c342653 _d342653 |
||